[Event "Mallorca-ch Veterans"]
[Site "Portals Nous"]
[Date "2021.04.11"]
[Round "3"]
[White "Munar Mut, Antoni"]
[Black "Jaume Pons, Antonio"]
[Result "1-0"]
[WhiteElo "1816"]
[BlackElo "1499"]
[PlyCount "93"]
[EventDate "2021.03.26"]
[EventType "swiss"]
[EventRounds "5"]
[EventCountry "ESP"]
[SourceTitle "EXT 2022"]
[Source "ChessBase"]
[SourceDate "2021.10.06"]
[SourceVersion "1"]
[SourceVersionDate "2021.10.06"]
[SourceQuality "1"]

1. e4 e5 2. Nf3 Nf6 3. Nc3 d6 4. d4 exd4 5. Nxd4 Be7 6. Be2 Nbd7 7. 0-0 0-0 8. Nf5 Nc5 9. Nxe7+ Qxe7 10. Bg5 c6 11. Bf3 h6 12. Bh4 Be6 13. Re1 Rfd8 14. Qe2 Ncd7 15. Bg3 Ne5 16. Bxe5 dxe5 17. Qe3 b6 18. Rad1 Qb4 19. Qc1 Bg4 20. Rxd8+ Rxd8 21. a3 Qc4 22. Qe3 Bxf3 23. Qxf3 Rd2 24. Qf5 Qd4 25. h3 h5 26. Re3 Rxc2 27. Rg3 Qd6 28. Qg5 g6 29. Rf3 Kg7 30. Kh2 Rxb2 31. g4 hxg4 32. hxg4 Rb3 33. Rh3 Ng8 34. Qh4 Qf6 35. Qh7+ Kf8 36. Kg2 Rxa3 37. Rf3 Qxf3+ 38. Kxf3 Rxc3+ 39. Kg2 a5 40. Qh4 f6 41. Qh7 Ne7 42. Qh8+ Kf7 43. g5 fxg5 44. Qxe5 Rc5 45. Qc7 Rb5 46. Qd6 a4 47. e5 1-0

[Event "Campos Migjorn op"]
[Site "Campos"]
[Date "2019.09.14"]
[Round "4"]
[White "Jaume Pons, Antonio"]
[Black "Ruiz Vinals, Matias"]
[Result "0-1"]
[WhiteElo "1587"]
[BlackElo "1986"]
[PlyCount "72"]
[EventDate "2019.09.06"]
[EventType "swiss"]
[EventRounds "8"]
[EventCountry "ESP"]
[SourceTitle "EXT 2020"]
[Source "ChessBase"]
[SourceDate "2019.10.17"]
[SourceVersion "1"]
[SourceVersionDate "2019.10.17"]
[SourceQuality "1"]

1. e4 d6 2. d4 Nf6 3. Nd2 g6 4. f4 Bg7 5. Ngf3 0-0 6. Bd3 Nc6 7. c3 Nh5 8. Nb3 e5 9. fxe5 dxe5 10. d5 Ne7 11. 0-0 c6 12. c4 cxd5 13. cxd5 Qb6+ 14. Kh1 Bg4 15. Qe1 Nf4 16. Nxe5 Nxg2 17. Qg3 Bxe5 18. Qxe5 Ne3 19. Bd2 Nxf1 20. Rxf1 Rae8 21. Bc3 f6 22. Qf4 Bh3 23. Rf3 g5 24. Rg3 Ng6 25. Qd2 g4 26. d6 Ne5 27. Bxe5 fxe5 28. Qg5+ Kh8 29. d7 Re6 30. Nd2 Qd4 31. Bc4 Ref6 32. d8Q Qxd8 33. Kg1 Qd4+ 34. Kh1 Qxb2 35. Nf3 Rxf3 36. Rxf3 Qa1+ 0-1

[Event "Santa Margalida Mallorca-ch"]
[Site "Santa Margalida"]
[Date "2016.11.25"]
[Round "5"]
[White "Vives Morey, Pere Joan"]
[Black "Jaume Pons, Antonio"]
[Result "0-1"]
[WhiteElo "1363"]
[BlackElo "1612"]
[PlyCount "44"]
[EventDate "2016.11.11"]
[EventType "swiss"]
[EventRounds "8"]
[EventCountry "ESP"]
[SourceTitle "EXT 2018"]
[Source "ChessBase"]
[SourceDate "2017.10.13"]
[SourceVersion "1"]
[SourceVersionDate "2017.10.13"]
[SourceQuality "1"]

1. d4 Nf6 2. Nf3 e6 3. g3 c5 4. c4 cxd4 5. Nxd4 Bc5 6. Bg2 Qb6 7. e3 Nc6 8. Bxc6 Bxd4 9. Bxd7+ Bxd7 10. Qxd4 Qc6 11. 0-0 0-0 12. Nc3 Rad8 13. b3 e5 14. Qxe5 Bh3 15. e4 Bxf1 16. Kxf1 Rfe8 17. Qf4 Nxe4 18. Nxe4 Rxe4 19. Qg5 Rd1+ 20. Kg2 Re5+ 21. Kh3 Rxg5 22. Bxg5 Rxa1 0-1

[Event "Palma de Mallorca op U2200"]
[Site "Palma de Mallorca"]
[Date "2013.01.16"]
[Round "5"]
[White "Prill, Gerhard"]
[Black "Jaume Pons, Antonio"]
[Result "0-1"]
[WhiteElo "2056"]
[BlackElo "1716"]
[PlyCount "80"]
[EventDate "2013.01.12"]
[EventType "swiss"]
[EventRounds "9"]
[EventCountry "ESP"]
[SourceTitle "EXT 2014"]
[Source "ChessBase"]
[SourceDate "2013.11.20"]
[SourceVersion "1"]
[SourceVersionDate "2013.11.20"]
[SourceQuality "1"]

1. e4 c5 2. Nf3 Nc6 3. d4 cxd4 4. Nxd4 e5 5. Nb5 a6 6. Nd6+ Bxd6 7. Qxd6 Qf6 8. Qc7 Nge7 9. Nc3 0-0 10. Be3 Re8 11. Nd5 Nxd5 12. exd5 Nd4 13. 0-0-0 d6 14. c3 Bf5 15. Qb6 Nc2 16. Bd2 Rec8 17. f3 a5 18. Bb5 Nb4 19. Be3 Qg6 20. Rd2 Nxa2+ 21. Kd1 Nxc3+ 22. bxc3 Rxc3 23. g4 Bc2+ 24. Ke1 a4 25. Kf2 a3 26. Ra1 h6 27. Bd7 a2 28. Bf5 Bxf5 29. gxf5 Qxf5 30. Raxa2 Rac8 31. Ra4 Qh3 32. Rg4 Qxh2+ 33. Rg2 Qh4+ 34. Ke2 Qc4+ 35. Kf2 Rc1 36. Kg3 Rh1 37. Rh2 Rxh2 38. Kxh2 Qh4+ 39. Kg2 Rc1 40. f4 exf4 0-1

[Event "Alcudia Belleuve"]
[Site "Alcudia"]
[Date "2012.10.14"]
[Round "1.22"]
[White "Lielmezs, Girts"]
[Black "Jaume Pons, Antonio"]
[Result "1-0"]
[WhiteElo "1910"]
[BlackElo "1693"]
[PlyCount "51"]
[EventDate "2012.10.14"]
[EventType "swiss"]
[EventRounds "9"]
[EventCountry "ESP"]
[SourceTitle "EXT 2024"]
[Source "ChessBase"]
[SourceDate "2023.10.10"]
[SourceVersion "1"]
[SourceVersionDate "2023.10.10"]
[SourceQuality "1"]

1. c4 e5 2. g3 Nf6 3. Bg2 Nc6 4. Nc3 b6 5. Nf3 Bb7 6. Nxe5 d5 7. Qa4 Qd6 8. cxd5 Qxe5 9. dxc6 Bc8 10. d4 Qf5 11. Bf4 Be7 12. Bxc7 0-0 13. 0-0 Qh5 14. Qb5 Bf5 15. e4 Ng4 16. h3 a6 17. Qxf5 Qxf5 18. exf5 Nf6 19. d5 Ne8 20. Bxb6 Rb8 21. c7 Rc8 22. Ne4 Nd6 23. Nxd6 Bxd6 24. Rac1 f6 25. Bc5 Bxc5 26. Rxc5 1-0

[Event "Mallorca-ch D2"]
[Site "Palma de Mallorca"]
[Date "2000.11.25"]
[Round "6"]
[White "Capo, Sebastian"]
[Black "Jaume Pons, Antonio"]
[Result "1/2-1/2"]
[WhiteElo "1926"]
[BlackElo "1812"]
[PlyCount "58"]
[EventDate "2000.??.??"]
[EventType "swiss"]
[EventRounds "8"]
[EventCountry "ESP"]
[SourceTitle "EXT 2003"]
[Source "ChessBase"]
[SourceDate "2002.11.25"]
[SourceVersion "1"]
[SourceVersionDate "2002.11.25"]
[SourceQuality "1"]

1. d4 d5 2. Nf3 Nf6 3. Bg5 e6 4. e3 h6 5. Bh4 g5 6. Bg3 Bg7 7. Bd3 Nbd7 8. Nc3 b6 9. Nb5 0-0 10. Bxc7 Qe8 11. Bd6 Qd8 12. Bxf8 Nxf8 13. h4 N6h7 14. hxg5 Nxg5 15. Nxg5 Qxg5 16. Qf3 a6 17. Nd6 Qe7 18. Nxc8 Rxc8 19. Qg3 Qf6 20. c3 b5 21. a3 Ng6 22. Bxg6 fxg6 23. Qe5 Qf7 24. Qg3 Qf5 25. Qh3 Qe4 26. 0-0 Rf8 27. a4 b4 28. cxb4 Rf5 29. Rac1 Rh5 1/2-1/2